|
|
|
|
| LEADER |
00966nam a22002297a 4500 |
| 001 |
AAL8276 |
| 003 |
BD-DhAAL |
| 005 |
20160626103321.0 |
| 008 |
160626s 2011bg ||||| |||| 00| 0 ben d |
| 020 |
|
|
|a 9789870413133
|
| 040 |
|
|
|a BD-DhAAL
|c BD-DhAAL
|
| 082 |
|
|
|a 320.95492
|
| 100 |
|
|
|a হোসেন, মো. আনোয়ার
|9 19723
|
| 245 |
|
|
|a গনতান্ত্রিক রাষ্ট্র ও সেনাবাহিনী /
|c মো. আনোয়ার হোসেন
|
| 260 |
|
|
|a ঢাকা :
|b আগামী প্রকাশনী,
|c ২০১০
|
| 300 |
|
|
|a ১৫৯ পৃ. ;
|c ২২ সে.মি.
|
| 541 |
|
|
|e 8276
|
| 650 |
|
|
|a Democracy
|z Bangladesh
|9 19724
|
| 852 |
|
|
|a Savar Campus Library
|c General Stacks
|
| 942 |
|
|
|2 ddc
|c BK
|
| 999 |
|
|
|c 37620
|d 37620
|
| 952 |
|
|
|0 0
|1 0
|2 ddc
|4 0
|6 320_954920000000000_HOS
|7 0
|9 59175
|a SCL
|b SCL
|c GEN
|d 2016-06-26
|g 200.00
|l 3
|m 1
|o 320.95492 HOS
|p 3020008276
|r 2024-04-29
|s 2024-04-21
|t 1
|w 2016-06-26
|y BK
|